1906 1407 1715 1676 1242 1557 1662 1336 1404 1647 1258 1835 1610 1180 1494 1974 1261 1749 1931 1588 1527 1859 1530 1301 1606 1310 1098 1364 1696 1335 1648 1588 1690 1885 1762 1795 1617 1477 1848 1081 1727 1318 1537 1533 1227 1422 1177 1785 1346 1487 1142 1397 1934 1907 1653 1235 1380 1205 1235 1149 1606 1339 1581 1649 1794 1036 1418 1695 1308 1133 1589 1341 1922 1887 1284 1621 1608 1673 1083 1116 1459 1813 1587 1228 1107 1857 1730 1666 1745 1809 1590 1919 1388 1387 1915 1349 1656 1249 1668 BCNSPRNW ULIB Ver.6.0+V

เปลี่ยนเป็นภาษาไทย

Change to English
 แสดงรายละเอียดบรรณานุกรม
  กลับหน้าหลัก

Brief Record : Get Marc (ISO 2709) : E-mail record : QR code < ปิดหน้าต่าง
LEADER : 00000nam 2200000uu 4500
001    13399127743
003     ULIB
008    210518s2557||||th 000 0 tha d
020    ู^a9786163690302
050    ^aนว^bซ119ม^cล.3
100    ^aซ็อลบง
245    ^aมหากาพย์เทพมรณะ เล่ม 3
250    ^aพิมพ์ครั้งที่ 1
260    ^aกรุงเทพฯ :^bสยามอินเตอร์บุ๊คส์,^c2557
300    ^a224 หน้า;^b21 ซม.
650    ^aนวนิยาย
945    ^p200^l0^i008054
999    ^aประนอม เกษจรัล
รายการนี้ยังไม่มีแท็ก
คุณยังไม่ได้ล็อกอิน คุณสามารถมีกิจกรรมร่วมกับเว็บไซต์ได้ แต่ต้องล็อกอินก่อน ::
  ล็อกอิน

รายการสื่อสารสนเทศ

ลำดับที่ ประเภท เลขเรียก/บาร์โค้ด สถานที่ สถานะ
1. นวนิยาย
นวนิยาย
นว ซ119ม ล.3 ฉ.1 
  Barcode: 008054
ห้องสมุดวิทยาเขตนครสวรรค์
►นวนิยาย:l:Fiction
บนชั้น
Note:บริจาค

รายการใกล้เคียง
    ผู้แต่ง [ซ็อลบง]

    หัวเรื่อง [นวนิยาย]

BibComment


ยังไม่เคยถูกคอมเมนท์

คอมเมนท์ทรัพยากรรายการนี้
  คอมเมนท์: มหากาพย์เทพมรณะ ..


 Copyright 2026. Bcnsprnw @Library